Statistics for Guess The Movie With Only Vowels & Letters 1: R, T, N, S & L

Click here to take the quiz!

General Stats

  • This quiz has been taken 10 times
  • The average score is 17 of 25

Answer Stats

HintAnswer% Correct
A Tale O_ T_o _SistersA Tale of Two Sisters
100%
_allo_eenHalloween
100%
_latoonPlatoon
100%
T_e Silen_e O_ T_e La__sThe Silence Of The Lambs
100%
A _lo___or_ Oran_eA Clockwork Orange
90%
_a_tain A_eri_a: T_e _inter Sol_ierCaptain America: The Winter Soldier
90%
Reser_oir _o_sReservoir Dogs
90%
Eternal Suns_ine O_ T_e S_otless _in_Eternal Sunshine Of The Spotless Mind
80%
_et OutGet Out
80%
_oo__ellasGoodfellas
80%
Silent _illSilent Hill
80%
_oo_ie Ni__tsBoogie Nights
70%
Ni__t O_ T_e Li_in_ _ea_Night Of The Living Dead
70%
S_aun O_ T_e _ea_Shaun Of The Dead
70%
S_irite_ A_aySpirited Away
70%
T_e _resti_eThe Prestige
70%
_all _e _y Your Na_eCall Me By Your Name
60%
_or_ _ _errariFord V Ferrari
60%
T_e S_a_s_an_ Re_e_ _tionThe Shawshank Redemption
60%
O _rot_er __e_e A_t T_ouO Brother Where Art Thou
50%
Li_e O_ _iLife Of Pi
30%
T_e _it__The Witch
30%
_i__t _lu_Fight Club
10%
_ot _u__Hot Fuzz
10%
_ein_ _o_n _al_o_i__Being John Malkovich
0%

Score Distribution

Percentile by Number Answered

Percent of People with Each Score

Your Score History

You have not taken this quiz